[Event "Paris-ch op-A 87th"]
[Site "Paris"]
[Date "2012.07.07"]
[Round "1"]
[White "Bonnet, Edouard"]
[Black "Zhou, Yang Fan"]
[Result "0-1"]
[WhiteElo "2255"]
[BlackElo "2427"]
[PlyCount "106"]
[EventDate "2012.07.07"]
[EventType "swiss"]
[EventRounds "9"]
[EventCountry "FRA"]
[SourceTitle "CBM 149 Extra"]
[Source "ChessBase"]
[SourceDate "2012.08.24"]
[SourceVersion "1"]
[SourceVersionDate "2012.08.24"]
[SourceQuality "1"]

1. e4 c5 2. Nf3 d6 3. d4 Nf6 4. Nc3 cxd4 5. Nxd4 g6 6. Be3 a6 7. f3 b5 8. Qd2 Bb7 9. 0-0-0 Nbd7 10. g4 h6 11. a3 Rc8 12. h4 Ne5 13. Be2 h5 14. g5 Nfd7 15. f4 Nc4 16. Bxc4 Rxc4 17. f5 Bg7 18. fxg6 fxg6 19. Rhf1 Nc5 20. b3 Rxc3 21. Qxc3 Nxe4 22. Qb4 Qc8 23. Ne2 Bc3 24. Nxc3 Nxc3 25. Kb2 Nxd1+ 26. Rxd1 0-0 27. Qd4 Qg4 28. Qd3 Be4 29. Qd4 Bf3 30. Rd2 Qxd4+ 31. Rxd4 Bg4 32. Rf4 Bf5 33. Rf2 Rc8 34. c3 Kf7 35. Rf4 e5 36. Rf2 Ke6 37. Rd2 Rc6 38. Ba7 Rc8 39. Bb6 d5 40. Re2 Kd6 41. Bg1 Rf8 42. Kc1 Rf7 43. Kd2 Ke6 44. Be3 a5 45. Bb6 Bg4 46. Rf2 b4 47. a4 bxc3+ 48. Kxc3 d4+ 49. Kc4 Kd6 50. Kb5 Bd1 51. Kxa5 Bxb3 52. Kb5 Kd5 53. a5 e4 0-1

[Event "Syre Memorial op 35th"]
[Site "Issy les Moulineaux"]
[Date "2012.05.19"]
[Round "5"]
[White "Boyer, Jean Francois"]
[Black "Bonnet, Edouard"]
[Result "0-1"]
[WhiteElo "1840"]
[BlackElo "2252"]
[PlyCount "76"]
[EventDate "2012.05.17"]
[EventType "swiss"]
[EventRounds "6"]
[EventCountry "FRA"]
[SourceTitle "EXT 2015"]
[Source "ChessBase"]
[SourceDate "2014.11.20"]
[SourceVersion "1"]
[SourceVersionDate "2014.11.20"]
[SourceQuality "1"]

1. e4 c5 2. Nf3 d6 3. d4 cxd4 4. Nxd4 Nf6 5. Nc3 a6 6. Bg5 e6 7. f4 Be7 8. Qf3 Qc7 9. 0-0-0 h6 10. Bxf6 Bxf6 11. g4 Nc6 12. Nxc6 Qxc6 13. Rd3 b5 14. Bg2 Bb7 15. Rhd1 Rd8 16. R1d2 b4 17. Nd1 Qc7 18. Qf2 Be7 19. h4 a5 20. g5 Rc8 21. Qd4 e5 22. fxe5 dxe5 23. Qd7+ Qxd7 24. Rxd7 Bc6 25. Bh3 Bxd7 26. Bxd7+ Kd8 27. Ba4+ Kc7 28. Rd7+ Kb6 29. Rxe7 hxg5 30. Ne3 gxh4 31. Nd5+ Kc5 32. c3 bxc3 33. bxc3 f5 34. Rxe5 h3 35. Ne3+ Kb6 36. Nxf5 h2 37. Re6+ Ka7 38. Re7+ Ka8 0-1

[Event "Syre Memorial op 35th"]
[Site "Issy les Moulineaux"]
[Date "2012.05.17"]
[Round "2"]
[White "Lefranc, Benoit"]
[Black "Bonnet, Edouard"]
[Result "1/2-1/2"]
[WhiteElo "2043"]
[BlackElo "2252"]
[PlyCount "77"]
[EventDate "2012.05.17"]
[EventType "swiss"]
[EventRounds "6"]
[EventCountry "FRA"]
[SourceTitle "EXT 2015"]
[Source "ChessBase"]
[SourceDate "2014.11.20"]
[SourceVersion "1"]
[SourceVersionDate "2014.11.20"]
[SourceQuality "1"]

1. e4 c5 2. Nf3 d6 3. d4 cxd4 4. Nxd4 Nf6 5. Nc3 a6 6. Bc4 e6 7. Bb3 Be7 8. 0-0 0-0 9. f4 Nbd7 10. Kh1 Nc5 11. e5 Nfe4 12. Nxe4 Nxe4 13. c3 b5 14. Nc6 Qc7 15. Nxe7+ Qxe7 16. Qe2 Bb7 17. Bc2 f5 18. exf6 Nxf6 19. Be3 Bd5 20. b3 Qc7 21. Bd4 Rae8 22. Rae1 Qc6 23. Kg1 Re7 24. Bxf6 gxf6 25. Be4 Qxc3 26. Bxd5 Qd4+ 27. Qf2 Qxd5 28. Rc1 Qb7 29. Rc3 Rc7 30. Rfc1 Rxc3 31. Rxc3 Kh8 32. Qc2 Rg8 33. g3 Qb6+ 34. Kf1 Qb7 35. Kg1 f5 36. Rc7 Qb6+ 37. Kg2 e5 38. Rf7 Qd4 39. Qxf5 1/2-1/2

[Event "FRA-chT2 0304"]
[Site "France"]
[Date "2004.03.13"]
[Round "8"]
[White "Serafimov, Tervel"]
[Black "Bonnet, Edouard"]
[Result "1/2-1/2"]
[WhiteElo "2377"]
[BlackElo "2270"]
[PlyCount "80"]
[EventDate "2003.10.??"]
[EventType "team"]
[EventRounds "11"]
[EventCountry "FRA"]
[SourceTitle "EXT 2005"]
[Source "ChessBase"]
[SourceDate "2004.11.15"]
[SourceVersion "1"]
[SourceVersionDate "2004.11.15"]
[SourceQuality "1"]

1. c4 c6 2. g3 d5 3. Nf3 Nf6 4. Bg2 Bf5 5. cxd5 cxd5 6. Qb3 Qb6 7. Qxb6 axb6 8. Nc3 e6 9. Nb5 Ra5 10. Nbd4 Bg6 11. d3 Nc6 12. 0-0 Nd7 13. Bd2 Ra8 14. Rfc1 Rc8 15. b4 Bd6 16. Nb5 Bb8 17. a4 0-0 18. a5 bxa5 19. bxa5 Nde5 20. Rab1 Nxf3+ 21. Bxf3 f6 22. Bg4 f5 23. Bf3 h6 24. Kg2 Rfd8 25. Nc3 Nxa5 26. Rb5 Nc6 27. Rxb7 Nd4 28. Nb5 Nxf3 29. exf3 Rxc1 30. Bxc1 Be5 31. d4 Rb8 32. Rxb8+ Bxb8 33. Bf4 Be8 34. Nc3 Ba7 35. Be5 Kf7 36. h4 g6 37. g4 Bb6 38. h5 fxg4 39. hxg6+ Kxg6 40. fxg4 h5 1/2-1/2

[Event "Besancon ABC"]
[Site "Besancon"]
[Date "2003.07.14"]
[Round "10"]
[White "Bonnet, Edouard"]
[Black "Chevaldonnet, Francois"]
[Result "1/2-1/2"]
[WhiteElo "2244"]
[BlackElo "2264"]
[PlyCount "131"]
[EventDate "2003.07.??"]
[EventType "tourn"]
[EventRounds "10"]
[EventCountry "FRA"]
[EventCategory "3"]
[SourceTitle "CBM 095 Extra"]
[Source "ChessBase"]
[SourceDate "2003.09.04"]
[SourceVersion "1"]
[SourceVersionDate "2003.09.04"]
[SourceQuality "1"]

1. e4 c5 2. Nf3 d6 3. d4 cxd4 4. Nxd4 Nf6 5. Nc3 a6 6. Be3 e5 7. Nb3 Be6 8. f3 Be7 9. Qd2 0-0 10. 0-0-0 Nbd7 11. g4 Qc7 12. h4 Rfc8 13. Kb1 b5 14. h5 b4 15. Nd5 Bxd5 16. exd5 a5 17. g5 a4 18. Na1 Ne8 19. g6 Nf8 20. Bh3 Rcb8 21. Rdg1 Bf6 22. gxh7+ Nxh7 23. Bf5 a3 24. h6 g6 25. Qg2 Kf8 26. Be4 axb2 27. Nb3 Qd7 28. Kxb2 Rc8 29. Ra1 Nc7 30. a4 bxa3+ 31. Rxa3 Rxa3 32. Kxa3 Nb5+ 33. Kb2 Ra8 34. Ra1 Rxa1 35. Kxa1 Nd4 36. Bxd4 exd4 37. Bd3 Bg5 38. Qh2 f5 39. f4 Bf6 40. Qd2 Qa7+ 41. Kb2 Qc7 42. Kb1 Qb7 43. Qa5 Kf7 44. Ka2 Nf8 45. Nd2 Kg8 46. Nc4 Be7 47. Na3 Kh7 48. Qb5 Qa7 49. Kb2 Kxh6 50. Nc4 Nd7 51. Na5 Bf6 52. Nc4 Be7 53. Na5 Nc5 54. Nc6 Qd7 55. Qb8 Bf6 56. Qf8+ Bg7 57. Qg8 Qc7 58. Nd8 Nxd3+ 59. cxd3 Qc3+ 60. Ka2 Qc2+ 61. Ka1 Qc3+ 62. Ka2 Qc2+ 63. Ka1 Qc1+ 64. Ka2 Qc2+ 65. Ka1 Qc3+ 66. Ka2 1/2-1/2

[Event "FRA-chT2O 0203"]
[Site "France"]
[Date "2003.04.06"]
[Round "11.2"]
[White "Cekro, Ekrem"]
[Black "Bonnet, Edouard"]
[Result "1-0"]
[WhiteElo "2432"]
[BlackElo "2249"]
[PlyCount "87"]
[EventDate "2002.10.??"]
[EventType "team"]
[EventRounds "11"]
[EventCountry "FRA"]
[SourceTitle "EXT 2004"]
[Source "ChessBase"]
[SourceDate "2003.11.25"]
[SourceVersion "1"]
[SourceVersionDate "2003.11.25"]
[SourceQuality "1"]
[WhiteTeam "Metz Fischer II"]
[BlackTeam "Besancon"]
[WhiteTeamCountry "FRA"]
[BlackTeamCountry "FRA"]

1. c4 c6 2. b3 d5 3. Bb2 Nf6 4. g3 Bf5 5. Bg2 e6 6. Nf3 Be7 7. 0-0 0-0 8. d3 h6 9. Nbd2 a5 10. a3 Na6 11. Qc2 Bh7 12. Rfd1 Rc8 13. e4 b5 14. Nd4 Qb6 15. N4f3 Rfd8 16. Bd4 Qb7 17. Qc3 Nc5 18. Bxc5 Bxc5 19. b4 axb4 20. axb4 dxe4 21. dxe4 Be7 22. e5 Rd3 23. Qc1 Ne8 24. c5 Rcd8 25. Re1 Nc7 26. Qb2 R3d7 27. Nb3 Nd5 28. Na5 Qc8 29. Rad1 Rc7 30. Nd4 Qa8 31. Rc1 Qc8 32. Rcd1 Bg5 33. f4 Be7 34. Qb3 Kh8 35. h4 Kg8 36. f5 Kh8 37. Kh2 Bg8 38. Bh3 Rf8 39. Rf1 exf5 40. Bxf5 Qe8 41. Ndxc6 f6 42. e6 Rxc6 43. Qxd5 Ra6 44. Qd7 1-0

[Event "FRA-chT2O 0203"]
[Site "France"]
[Date "2003.03.16"]
[Round "9.3"]
[White "Costa, Jean Luc"]
[Black "Bonnet, Edouard"]
[Result "1/2-1/2"]
[WhiteElo "2359"]
[BlackElo "2249"]
[PlyCount "75"]
[EventDate "2002.10.??"]
[EventType "team"]
[EventRounds "11"]
[EventCountry "FRA"]
[SourceTitle "EXT 2004"]
[Source "ChessBase"]
[SourceDate "2003.11.25"]
[SourceVersion "1"]
[SourceVersionDate "2003.11.25"]
[SourceQuality "1"]
[WhiteTeam "Mulhouse Philidor II"]
[BlackTeam "Besancon"]
[WhiteTeamCountry "FRA"]
[BlackTeamCountry "FRA"]

1. d4 d5 2. c4 c6 3. Nf3 Nf6 4. Nc3 e6 5. e3 Nbd7 6. b3 Bd6 7. Be2 0-0 8. 0-0 Qe7 9. Qc2 b6 10. e4 Nxe4 11. Nxe4 dxe4 12. Qxe4 Bb7 13. Bd3 f5 14. Qe2 c5 15. d5 e5 16. Bg5 Qf7 17. Bc2 Qh5 18. h3 e4 19. Bd2 Be5 20. Nd4 Qxe2 21. Nxe2 Bxa1 22. Rxa1 Rfe8 23. Nf4 g6 24. Kf1 b5 25. Bd1 bxc4 26. bxc4 Ba6 27. Rc1 Ne5 28. Bb3 Rac8 29. Ke2 Kf7 30. h4 Rb8 31. Ba5 Rb7 32. Kd2 h6 33. Kc3 Kf6 34. Rd1 g5 35. hxg5+ hxg5 36. Ne6 Rxe6 37. dxe6 Kxe6 38. Rh1 1/2-1/2

[Event "FRA-chT2O 0203"]
[Site "France"]
[Date "2003.03.15"]
[Round "8.3"]
[White "Kountz, Jochen"]
[Black "Bonnet, Edouard"]
[Result "0-1"]
[WhiteElo "2331"]
[BlackElo "2249"]
[PlyCount "80"]
[EventDate "2002.10.??"]
[EventType "team"]
[EventRounds "11"]
[EventCountry "FRA"]
[SourceTitle "EXT 2004"]
[Source "ChessBase"]
[SourceDate "2003.11.25"]
[SourceVersion "1"]
[SourceVersionDate "2003.11.25"]
[SourceQuality "1"]
[WhiteTeam "Selestat"]
[BlackTeam "Besancon"]
[WhiteTeamCountry "FRA"]
[BlackTeamCountry "FRA"]

1. e4 c5 2. Nc3 a6 3. Nf3 d6 4. d4 cxd4 5. Nxd4 Nf6 6. Bc4 e6 7. Bb3 Be7 8. g4 h6 9. Be3 Nc6 10. Rg1 g5 11. Qe2 Bd7 12. 0-0-0 Qc7 13. h4 Rg8 14. Kb1 Ne5 15. f3 b5 16. hxg5 hxg5 17. Qd2 b4 18. Na4 Qa5 19. Nb6 Qxb6 20. Nf5 Qc7 21. Nxe7 Kxe7 22. Bxg5 Rxg5 23. Qxg5 a5 24. Rh1 Rg8 25. Qe3 a4 26. g5 Ne8 27. Bd5 exd5 28. exd5 Qc5 29. Rd4 Kd8 30. f4 Ng4 31. Qd2 Nc7 32. Rd1 Na6 33. Qe2 Qb6 34. Re4 Nf2 35. Re7 Nxd1 36. Rxf7 Re8 37. Qxd1 Qf2 38. Rxd7+ Kxd7 39. Qg4+ Kc7 40. a3 b3 0-1

[Event "FRA-ch U14"]
[Site "Le Grand Bornand"]
[Date "2003.??.??"]
[Round "5.3"]
[White "Bonnet, Edouard"]
[Black "Becht, Lucas"]
[Result "1-0"]
[WhiteElo "2244"]
[BlackElo "2000"]
[PlyCount "83"]
[EventDate "2003.??.??"]
[EventType "swiss"]
[EventRounds "9"]
[EventCountry "FRA"]
[SourceTitle "EXT 2004"]
[Source "ChessBase"]
[SourceDate "2003.11.25"]
[SourceVersion "1"]
[SourceVersionDate "2003.11.25"]
[SourceQuality "1"]

1. e4 c5 2. Nf3 Nc6 3. d4 cxd4 4. Nxd4 Nf6 5. Nc3 e5 6. Ndb5 d6 7. Bg5 a6 8. Na3 b5 9. Bxf6 gxf6 10. Nd5 f5 11. exf5 Bxf5 12. c3 Bg7 13. Nc2 0-0 14. Nce3 Be6 15. Bd3 f5 16. Qh5 e4 17. Bc2 Ne7 18. Nf4 Bf7 19. Bb3 Bxb3 20. axb3 Qd7 21. 0-0 Rf6 22. Nfd5 Nxd5 23. Nxd5 Rh6 24. Qxf5 Qxf5 25. Ne7+ Kf7 26. Nxf5 Re6 27. Rfd1 Be5 28. b4 Kf6 29. Ne3 Ra7 30. Rd5 Ree7 31. Ng4+ Ke6 32. Rad1 Kf5 33. Nxe5 dxe5 34. Kf1 Rg7 35. g3 h5 36. h4 e3 37. Re1 exf2 38. Rexe5+ Kg4 39. Kxf2 Kh3 40. Rg5 Rgf7+ 41. Rdf5 Rfd7 42. Ke3 1-0

[Event "FRA-ch U14"]
[Site "Le Grand Bornand"]
[Date "2003.??.??"]
[Round "6.1"]
[White "Dourerassou, Jonathan"]
[Black "Bonnet, Edouard"]
[Result "1/2-1/2"]
[WhiteElo "2155"]
[BlackElo "2244"]
[PlyCount "85"]
[EventDate "2003.??.??"]
[EventType "swiss"]
[EventRounds "9"]
[EventCountry "FRA"]
[SourceTitle "EXT 2004"]
[Source "ChessBase"]
[SourceDate "2003.11.25"]
[SourceVersion "1"]
[SourceVersionDate "2003.11.25"]
[SourceQuality "1"]

1. e4 c5 2. Nc3 a6 3. Nf3 d6 4. d4 cxd4 5. Nxd4 Nf6 6. Bg5 e6 7. f4 Qb6 8. Qd2 Nc6 9. Bxf6 gxf6 10. Nxc6 bxc6 11. Be2 Rb8 12. Bf3 Bd7 13. b3 d5 14. Na4 Qb5 15. Rd1 Bd6 16. Be2 Qb4 17. c3 Qxe4 18. 0-0 Qg6 19. Bxa6 Rg8 20. Rf3 Qh6 21. Kh1 e5 22. c4 e4 23. Rf2 Rg4 24. Rdf1 Be6 25. Qe3 Kf8 26. Nc5 Re8 27. Bb7 Qh5 28. Nxe6+ Rxe6 29. Bc8 d4 30. Qxd4 Bc5 31. Qd8+ Re8 32. Bxg4 Qxg4 33. Qxf6 Bxf2 34. Qd6+ Kg8 35. Rxf2 e3 36. Rf1 Qe2 37. Qd1 Qxa2 38. Qg4+ Kh8 39. f5 Qxb3 40. Qd4+ Kg8 41. Qg4+ Kh8 42. Qd4+ Kg8 43. Qg4+ 1/2-1/2

[Event "EU-ch U14"]
[Site "Peniscola"]
[Date "2002.09.30"]
[Round "2"]
[White "Ragger, Markus"]
[Black "Bonnet, Edouard"]
[Result "1-0"]
[WhiteElo "2160"]
[BlackElo "2249"]
[PlyCount "47"]
[EventDate "2002.09.29"]
[EventType "swiss"]
[EventRounds "9"]
[EventCountry "ESP"]
[SourceTitle "CBM 090 Extra"]
[Source "ChessBase"]
[SourceDate "2002.11.07"]
[SourceVersion "1"]
[SourceVersionDate "2002.11.07"]
[SourceQuality "1"]

1. e4 c5 2. c3 Nf6 3. e5 Nd5 4. Nf3 e6 5. d4 cxd4 6. cxd4 b6 7. Nc3 Nxc3 8. bxc3 Qc7 9. Be2 Qxc3+ 10. Bd2 Qa3 11. Rc1 Nc6 12. Rc3 Qe7 13. 0-0 Qd8 14. Bf4 Be7 15. d5 exd5 16. Qxd5 Bb7 17. Rd1 Rc8 18. Ng5 0-0 19. Rg3 Qe8 20. Nxh7 Kxh7 21. Rh3+ Kg8 22. Qe4 g6 23. Bc4 Nxe5 24. Bxe5 1-0

[Event "Mulhouse Masters"]
[Site "Mulhouse"]
[Date "2002.07.14"]
[Round "7"]
[White "Bonnet, Edouard"]
[Black "Wirig, Anthony"]
[Result "1/2-1/2"]
[WhiteElo "2249"]
[BlackElo "2319"]
[PlyCount "63"]
[EventDate "2002.07.??"]
[EventType "swiss"]
[EventRounds "9"]
[EventCountry "FRA"]
[EventCategory "4"]
[SourceTitle "EXT 2003"]
[Source "ChessBase"]
[SourceDate "2002.11.25"]
[SourceVersion "1"]
[SourceVersionDate "2002.11.25"]
[SourceQuality "1"]

1. e4 c5 2. Nf3 Nc6 3. d4 cxd4 4. Nxd4 g6 5. c4 Bg7 6. Be3 Nh6 7. Nc3 0-0 8. Be2 f5 9. 0-0 Ng4 10. Bxg4 fxg4 11. Qd2 Ne5 12. b3 d6 13. Rad1 Bd7 14. Rfe1 Rf7 15. c5 a6 16. cxd6 exd6 17. Nd5 Rc8 18. Rc1 Rxc1 19. Rxc1 Qh4 20. Bf4 Nf3+ 21. gxf3 gxf3 22. Kh1 Bh3 23. Nc2 g5 24. Bg3 Qh5 25. Nce3 h6 26. Bxd6 Qg6 27. Ne7+ Rxe7 28. Bxe7 Be6 29. Qb4 Be5 30. Bd6 Bg7 31. Qxb7 g4 32. Rc7 1/2-1/2

[Event "Mulhouse Masters"]
[Site "Mulhouse"]
[Date "2002.07.12"]
[Round "5"]
[White "Drabke, Lorenz Maximilian"]
[Black "Bonnet, Edouard"]
[Result "1/2-1/2"]
[WhiteElo "2362"]
[BlackElo "2249"]
[PlyCount "42"]
[EventDate "2002.07.??"]
[EventType "swiss"]
[EventRounds "9"]
[EventCountry "FRA"]
[EventCategory "4"]
[SourceTitle "EXT 2003"]
[Source "ChessBase"]
[SourceDate "2002.11.25"]
[SourceVersion "1"]
[SourceVersionDate "2002.11.25"]
[SourceQuality "1"]

1. e4 d5 2. exd5 Qxd5 3. Nc3 Qa5 4. d4 c6 5. Nf3 Bf5 6. Bc4 Nf6 7. Bd2 e6 8. Nd5 Qd8 9. Nxf6+ Qxf6 10. Qe2 Nd7 11. 0-0-0 Nb6 12. Bb3 Bg4 13. d5 Bxf3 14. gxf3 cxd5 15. Qb5+ Kd8 16. Ba5 Kc7 17. c4 Rc8 18. cxd5 Kb8+ 19. Kb1 Rc5 20. Qe8+ Rc8 21. Qb5 Rc5 1/2-1/2

[Event "Mulhouse Masters"]
[Site "Mulhouse"]
[Date "2002.07.10"]
[Round "3"]
[White "Toulzac, Pierre Yves"]
[Black "Bonnet, Edouard"]
[Result "0-1"]
[WhiteElo "2268"]
[BlackElo "2249"]
[PlyCount "74"]
[EventDate "2002.07.??"]
[EventType "swiss"]
[EventRounds "9"]
[EventCountry "FRA"]
[EventCategory "4"]
[SourceTitle "EXT 2003"]
[Source "ChessBase"]
[SourceDate "2002.11.25"]
[SourceVersion "1"]
[SourceVersionDate "2002.11.25"]
[SourceQuality "1"]

1. d4 d5 2. c4 c6 3. Nf3 Nf6 4. Nc3 e6 5. Bg5 dxc4 6. e4 b5 7. e5 h6 8. Bh4 g5 9. Nxg5 hxg5 10. Bxg5 Nbd7 11. exf6 Bb7 12. g3 Qb6 13. Bg2 0-0-0 14. 0-0 Bh6 15. Ne4 c5 16. Bxh6 Rxh6 17. Qd2 Rh5 18. Qe2 Rdh8 19. h4 cxd4 20. a4 d3 21. Qf3 Nc5 22. Qf4 Bxe4 23. Bxe4 Qc7 24. Qg4 Re5 25. Qg7 Rd8 26. Bf3 Nb3 27. Rad1 Nd4 28. Bg4 bxa4 29. h5 Qb7 30. h6 Nf3+ 31. Kh1 Rg5 32. Bxe6+ fxe6 33. Qxb7+ Kxb7 34. Kg2 Rf5 35. Rh1 Rxf6 36. h7 Rh8 37. Rc1 d2 0-1

[Event "Paris NAO Masters 2nd"]
[Site "Paris"]
[Date "2002.05.21"]
[Round "9"]
[White "Bonnet, Edouard"]
[Black "Marchand, Francois"]
[Result "1-0"]
[WhiteElo "2194"]
[BlackElo "2259"]
[PlyCount "101"]
[EventDate "2002.05.13"]
[EventType "tourn"]
[EventRounds "9"]
[EventCountry "FRA"]
[EventCategory "5"]
[SourceTitle "CBM 088 Extra"]
[Source "ChessBase"]
[SourceDate "2002.07.01"]
[SourceVersion "2"]
[SourceVersionDate "2002.07.01"]
[SourceQuality "1"]

1. e4 c6 2. d4 d5 3. Nc3 dxe4 4. Nxe4 Bf5 5. Ng3 Bg6 6. h4 h6 7. Nf3 Nd7 8. h5 Bh7 9. Bd3 Bxd3 10. Qxd3 e6 11. Bd2 Ngf6 12. 0-0-0 Be7 13. Ne4 Nxe4 14. Qxe4 Nf6 15. Qe2 Qd5 16. c4 Qe4 17. Be3 Ng4 18. Nd2 Qf5 19. f3 Nxe3 20. Qxe3 Bg5 21. Qc3 0-0 22. g3 c5 23. dxc5 Rac8 24. f4 Bf6 25. Qe3 Rxc5 26. g4 Qd5 27. Kb1 Qc6 28. b3 Ra5 29. Ne4 Be7 30. Rde1 b5 31. Qc3 b4 32. Qb2 f5 33. gxf5 Raxf5 34. Qg2 Qc7 35. Qg6 Bf6 36. Rhg1 Kh8 37. Nxf6 R5xf6 38. Qg4 R8f7 39. Rxe6 Rxe6 40. Qxe6 Qxf4 41. Rd1 Rf8 42. c5 Qg5 43. Qd5 Rf5 44. Qa8+ Kh7 45. Qe4 Kh8 46. c6 Re5 47. Qf3 Qe7 48. Qg3 Rc5 49. Qg6 Qf6 50. Qxf6 gxf6 51. Rc1 1-0

[Event "Paris NAO Masters 2nd"]
[Site "Paris"]
[Date "2002.05.18"]
[Round "6"]
[White "Marcelin, Cyril"]
[Black "Bonnet, Edouard"]
[Result "1-0"]
[WhiteElo "2452"]
[BlackElo "2194"]
[PlyCount "53"]
[EventDate "2002.05.13"]
[EventType "tourn"]
[EventRounds "9"]
[EventCountry "FRA"]
[EventCategory "5"]
[SourceTitle "CBM 088 Extra"]
[Source "ChessBase"]
[SourceDate "2002.07.01"]
[SourceVersion "2"]
[SourceVersionDate "2002.07.01"]
[SourceQuality "1"]

1. c4 c6 2. e4 d5 3. exd5 cxd5 4. d4 Nf6 5. Nc3 Nc6 6. Bg5 Be6 7. a3 Qd7 8. Rc1 0-0-0 9. c5 Ne4 10. Be3 Bg4 11. f3 Nxc3 12. Rxc3 Bf5 13. b4 e5 14. Bb5 exd4 15. Bxd4 a6 16. Ba4 Qe6+ 17. Ne2 Nxd4 18. Qxd4 Be7 19. Re3 Qf6 20. c6 bxc6 21. Qa7 Rhe8 22. Qxa6+ Kc7 23. Qa7+ Kc8 24. 0-0 d4 25. Rc1 dxe3 26. Qa6+ Kd7 27. Rxc6 1-0

[Event "Paris NAO Masters 2nd"]
[Site "Paris"]
[Date "2002.05.17"]
[Round "5"]
[White "Bonnet, Edouard"]
[Black "Guidarelli, Laurent"]
[Result "1/2-1/2"]
[WhiteElo "2194"]
[BlackElo "2366"]
[PlyCount "95"]
[EventDate "2002.05.13"]
[EventType "tourn"]
[EventRounds "9"]
[EventCountry "FRA"]
[EventCategory "5"]
[SourceTitle "CBM 088 Extra"]
[Source "ChessBase"]
[SourceDate "2002.07.01"]
[SourceVersion "2"]
[SourceVersionDate "2002.07.01"]
[SourceQuality "1"]

1. e4 c5 2. Nf3 d6 3. d4 cxd4 4. Nxd4 Nf6 5. Nc3 a6 6. f3 e5 7. Nb3 Be6 8. Be3 h5 9. Qd2 Nbd7 10. Nd5 Bxd5 11. exd5 g6 12. Na5 Qc7 13. c4 Bg7 14. Be2 0-0 15. 0-0 b6 16. Nc6 Nb8 17. Nxb8 Raxb8 18. Rac1 Nd7 19. Rfd1 a5 20. Bd3 f5 21. Kh1 Rbe8 22. Bc2 f4 23. Bf2 e4 24. Bxe4 Rxe4 25. fxe4 Ne5 26. Bd4 g5 27. Rf1 Qe7 28. b3 Kh7 29. a3 g4 30. Rxf4 Bh6 31. Be3 Bxf4 32. Bxf4 Qf6 33. Be3 a4 34. bxa4 Nxc4 35. Qd4 Ne5 36. Qxb6 g3 37. h3 Qf1+ 38. Rxf1 Rxf1+ 39. Bg1 Nd3 40. Qc7+ Kg8 41. Qd8+ Kf7 42. Qd7+ Kg8 43. Qe8+ Kg7 44. Qe7+ Kh8 45. Qd8+ Kh7 46. Qc7+ Kg8 47. Qc8+ Kf7 48. Qe6+ 1/2-1/2

[Event "Paris NAO Masters 2nd"]
[Site "Paris"]
[Date "2002.05.15"]
[Round "3"]
[White "Bonnet, Edouard"]
[Black "Inkiov, Ventzislav"]
[Result "0-1"]
[WhiteElo "2194"]
[BlackElo "2440"]
[PlyCount "109"]
[EventDate "2002.05.13"]
[EventType "tourn"]
[EventRounds "9"]
[EventCountry "FRA"]
[EventCategory "5"]
[SourceTitle "CBM 088 Extra"]
[Source "ChessBase"]
[SourceDate "2002.07.01"]
[SourceVersion "2"]
[SourceVersionDate "2002.07.01"]
[SourceQuality "1"]

1. e4 c5 2. Nf3 d6 3. d4 cxd4 4. Nxd4 Nf6 5. Nc3 Nc6 6. f3 e6 7. Be3 a6 8. Qd2 Nxd4 9. Bxd4 b5 10. 0-0-0 Bb7 11. g4 Nd7 12. h4 b4 13. Ne2 d5 14. e5 Qc7 15. f4 a5 16. f5 Bc5 17. fxe6 fxe6 18. Nf4 Qb6 19. Bh3 Bxd4 20. Qxd4 Qxd4 21. Rxd4 Nc5 22. g5 Ke7 23. Nh5 Rhg8 24. Rf4 Raf8 25. Rxf8 Kxf8 26. g6 hxg6 27. Nf4 Bc8 28. Nxg6+ Ke8 29. Rf1 Bd7 30. Bg4 Bb5 31. Rf4 Bd7 32. Kd2 Na4 33. b3 Nc3 34. a4 Ne4+ 35. Ke3 Ng3 36. Kd4 Nf5+ 37. Bxf5 exf5 38. Kxd5 Kf7 39. h5 Be6+ 40. Kc5 Ra8 41. Kb6 Bd5 42. Rd4 Be4 43. Rd7+ Kg8 44. e6 Bxc2 45. Ne7+ Kh7 46. Nd5 Bxb3 47. e7 Re8 48. Nc7 Bxa4 49. Rd5 Rxe7 50. Rxa5 Bc2 51. Nd5 Re6+ 52. Kc5 b3 53. Rb5 Be4 54. Kc4 Re5 55. Kd4 0-1

[Event "FRA-chT2"]
[Site "France"]
[Date "2002.03.??"]
[Round "11"]
[White "Paci, Cedric"]
[Black "Bonnet, Edouard"]
[Result "1-0"]
[WhiteElo "2197"]
[BlackElo "2197"]
[PlyCount "34"]
[EventDate "2002.??.??"]
[EventType "team"]
[EventRounds "11"]
[EventCountry "FRA"]
[SourceTitle "EXT 2003"]
[Source "ChessBase"]
[SourceDate "2002.11.25"]
[SourceVersion "1"]
[SourceVersionDate "2002.11.25"]
[SourceQuality "1"]

1. Nf3 d5 2. c4 c6 3. d4 Nf6 4. Nc3 e6 5. Bg5 dxc4 6. a4 c5 7. e4 cxd4 8. Nxd4 Bc5 9. Ndb5 Qb6 10. a5 Bxf2+ 11. Ke2 Qc5 12. Qd6 Na6 13. e5 h6 14. Rd1 Bd7 15. exf6 0-0-0 16. fxg7 Qxg5 17. Kxf2 Qf6+ 1-0

[Event "Budapest FS02 IM"]
[Site "Budapest"]
[Date "2002.02.10"]
[Round "9"]
[White "Bonnet, Edouard"]
[Black "Hajnal, Zoltan"]
[Result "0-1"]
[WhiteElo "2197"]
[BlackElo "2403"]
[PlyCount "136"]
[EventDate "2002.02.02"]
[EventType "tourn"]
[EventRounds "11"]
[EventCountry "HUN"]
[EventCategory "2"]
[SourceTitle "CBM 086 Extra"]
[Source "ChessBase"]
[SourceDate "2002.03.14"]
[SourceVersion "1"]
[SourceVersionDate "2002.03.14"]
[SourceQuality "1"]

1. e4 e5 2. Nf3 Nc6 3. Bb5 a6 4. Ba4 Nf6 5. 0-0 Be7 6. Re1 b5 7. Bb3 d6 8. c3 0-0 9. h3 h6 10. d4 Re8 11. Nbd2 Bf8 12. Bc2 Bb7 13. a3 Nb8 14. Nh2 Nbd7 15. Nhf1 g6 16. Ng3 Bg7 17. Nf3 c5 18. d5 c4 19. Be3 Qc7 20. Qd2 Kh7 21. Nh2 h5 22. Ngf1 Nc5 23. Bg5 a5 24. g4 hxg4 25. hxg4 Rh8 26. Kg2 Kg8 27. Ng3 Bc8 28. f3 Rb8 29. Rh1 Na4 30. Rag1 Nxb2 31. Nhf1 Rxh1 32. Rxh1 b4 33. axb4 axb4 34. Bh6 Bh8 35. Kg1 b3 36. Bb1 Na4 37. Bg5 Nh7 38. Bh6 Ra8 39. Ne3 Nb6 40. Kg2 f6 41. Nd1 Ra1 42. Nb2 Na4 43. Be3 Bg7 44. Nxa4 Rxa4 45. Nf1 Nf8 46. Kg3 Ra1 47. Qb2 Qa5 48. Bd2 Qa3 49. Qxa3 Rxa3 50. Ne3 Ra4 51. g5 fxg5 52. Ng4 Nh7 53. Be3 Ra1 54. Kf2 Bxg4 55. fxg4 Bf6 56. Bb6 Be7 57. Kf3 Nf6 58. Be3 Nd7 59. Ke2 Bd8 60. Rf1 Kg7 61. Rh1 Ba5 62. Kd2 Nf6 63. Bxg5 Nxg4 64. Rg1 Nf2 65. Be3 Rxb1 66. Bxf2 Rxg1 67. Bxg1 b2 68. Kc2 Bxc3 0-1